Emilio Estevez Movies - Statistics

General Stats
  • This quiz has been taken 23 times
  • The average score is 17 of 41
Answer Stats
Hint Answer % Correct
1985 St. Elmo's Fire
100%
1985 The Breakfast Club
83%
1992 The Mighty Ducks
83%
1988 Young Guns
83%
1994 D2: The Mighty Ducks
75%
1996 D3: The Mighty Ducks
75%
1996 Mission: Impossible
75%
1984 Repo Man
75%
1983 The Outsiders
75%
1992 Freejack
67%
1990 Men at Work
67%
1987 Stakeout
67%
2010 The Way
67%
1990 Young Guns II
67%
1993 Another Stakeout
58%
2006 Arthur and the Invisibles
58%
2000 Rated X
58%
1996 The War at Home
58%
1986 Wisdom
58%
1973 Badlands
50%
2006 Bobby
50%
1986 Maximum Overdrive
50%
1985 That Was Then... This is Now
50%
1993 Loaded Weapon 1
42%
1982 Tex
42%
2018 The Public
42%
1982 In the Custody of Strangers
8%
1993 Judgement Night
8%
1988 Never on Tuesday
8%
1983 Nightmares
8%
2000 Sand
8%
2005 The L.A. Riot Spectacular
8%
1982 To Climb a Mountain
8%
2005 Culture Clash in AmeriCCa
0%
1998 Dollar for the Dead
0%
2022 Guns 3: Alias Billy the Kid
0%
2010 King's Man
0%
1999 Late Late Night
0%
1989 Nightbreaker
0%
2003 The 3 Wise Men
0%
1995 The Jerky Boys
0%
No matching quizzes found
Score Distribution
Percent of People with Each Score
Percentile by Number Answered
Your Score History
You have not taken this quiz